UFC Champions by Record #1 - Statistics

General Stats
  • This quiz has been taken 335 times
  • The average score is 4 of 8
Answer Stats
Country % Correct
Georges St-Pierre
93%
José Aldo
70%
T.J. Dillashaw
68%
Quinton Jackson
65%
Holly Holm
37%
Chuck Liddell
36%
Chris Weidman
33%
Frankie Edgar
33%
No matching quizzes found
Score Distribution
Percent of People with Each Score
Percentile by Number Answered
Your Score History
You have not taken this quiz